[Event "European Rapid 2022"]
[Site "Katowice POL"]
[Date "2022.12.17"]
[Round "5.30"]
[White "Seo, Jung Min"]
[Black "Dzierzak, Radoslaw"]
[Result "1-0"]
[WhiteTitle "IM"]
[BlackTitle "FM"]
[WhiteElo "2502"]
[BlackElo "2211"]
[WhiteFideId "1734687"]
[BlackFideId "1161407"]
[EventDate "2022.12.17"]

1. c4 Nf6 2. Nc3 e6 3. e4 e5 4. Nf3 Nc6 5. a3 Bc5 6. Nxe5 Nxe5 7. d4 Bxd4 8.
Qxd4 d6 9. Be2 Be6 10. b3 c5 11. Qd1 Qb6 12. O-O Nc6 13. Be3 Nd4 14. Bxd4 cxd4
15. Na4 Qc6 16. f3 a6 17. Qxd4 b5 18. cxb5 axb5 19. Rfc1 Qb7 20. Nc3 O-O 21. b4
Bd7 22. Qxd6 Rfc8 23. Qd4 Be8 24. e5 Rd8 25. Qe3 Nd5 26. Nxd5 Qxd5 27. f4 Rac8
28. Bf3 Rxc1+ 29. Rxc1 Qa2 30. h3 g6 31. Kh2 Kg7 32. f5 f6 33. exf6+ Kxf6 34.
Re1 1-0

[Event "European Rapid 2022"]
[Site "Katowice POL"]
[Date "2022.12.17"]
[Round "5.31"]
[White "Madan, Augustin"]
[Black "Cramling, Pia"]
[Result "0-1"]
[WhiteTitle "IM"]
[BlackTitle "GM"]
[WhiteElo "2292"]
[BlackElo "2463"]
[WhiteFideId "1210327"]
[BlackFideId "1700030"]
[EventDate "2022.12.17"]

1. d4 Nf6 2. c4 e6 3. Nf3 d5 4. Nc3 h6 5. Bf4 Bb4 6. Qa4+ Nc6 7. e3 Ne4 8. Qc2
g5 9. Be5 f6 10. Bg3 h5 11. h4 g4 12. Ng1 Ne7 13. Bd3 Nxg3 14. fxg3 c5 15. O-O-O
cxd4 16. exd4 Bd7 17. Nge2 Qa5 18. a3 Bxc3 19. Nxc3 dxc4 20. Bxc4 Rc8 21. Qb3
Qb6 22. Rhe1 Qxb3 23. Bxb3 Kf7 24. Kb1 Rhd8 25. d5 exd5 26. Nxd5 Be6 27. Rxe6
Kxe6 28. Re1+ Kd6 29. Rxe7 a5 30. Re4 Re8 31. Rf4 Re1+ 32. Ka2 Rcc1 33. Bc4 a4
34. Rxf6+ Ke5 35. Re6+ Kxe6 36. Nc3+ Ke7 0-1

[Event "European Rapid 2022"]
[Site "Katowice POL"]
[Date "2022.12.17"]
[Round "5.32"]
[White "Maier, Christian"]
[Black "Costachi, Mihnea"]
[Result "0-1"]
[WhiteTitle "IM"]
[BlackTitle "IM"]
[WhiteElo "2315"]
[BlackElo "2476"]
[WhiteFideId "4601955"]
[BlackFideId "1217518"]
[EventDate "2022.12.17"]

1. e4 e5 2. Nf3 Nc6 3. Bc4 Bc5 4. c3 Nf6 5. d3 d6 6. Bb3 h6 7. Nbd2 a6 8. Nc4
Ba7 9. a4 Be6 10. O-O O-O 11. Be3 Bxe3 12. fxe3 b5 13. Na3 Rb8 14. axb5 axb5 15.
Bxe6 fxe6 16. b4 Ne7 17. Qb3 Qd7 18. Nc2 Ng6 19. Ra7 d5 20. exd5 exd5 21. Nd2
Kh8 22. Raa1 c6 23. h3 Qe7 24. Qb2 e4 25. d4 Nh4 26. Nb3 Nh5 27. Qc1 Nxg2 28.
Qd2 Nh4 29. Qe2 Qg5+ 30. Qg4 Ng3 31. Rxf8+ Rxf8 32. Qxg5 Ne2+ 33. Kh1 hxg5 34.
Na5 Rf2 35. Ne1 Nf3 36. Nxf3 exf3 0-1

[Event "European Rapid 2022"]
[Site "Katowice POL"]
[Date "2022.12.17"]
[Round "5.33"]
[White "Akesson, Ralf"]
[Black "Kacprzak, Kacper"]
[Result "1/2-1/2"]
[WhiteTitle "GM"]
[WhiteElo "2404"]
[BlackElo "2289"]
[WhiteFideId "1700120"]
[BlackFideId "21819319"]
[EventDate "2022.12.17"]

1. Nf3 d5 2. d4 Nf6 3. c4 e6 4. Nc3 dxc4 5. e4 Bb4 6. Bg5 h6 7. Bxf6 Qxf6 8.
Bxc4 c5 9. O-O cxd4 10. e5 Qe7 11. Ne4 O-O 12. Qxd4 Nc6 13. Qe3 Qc7 14. Ng3 Ne7
15. Rac1 Qc5 16. Qe4 Qc6 17. Qg4 Nf5 18. Bd3 Qb6 19. Nxf5 exf5 20. Bxf5 Bxf5 21.
Qxf5 Be7 22. Rc2 Rad8 23. g3 Rd5 24. Kg2 Rfd8 25. Rfc1 g6 26. Qf4 Bf8 27. Rc7
R5d7 28. Rxd7 Rxd7 29. Rc8 g5 30. Qf6 Qe6 31. Ra8 g4 32. Ng1 Qd5+ 33. f3 Qd2+
34. Kh1 Rc7 35. e6 gxf3 36. Qxf3 Qxb2 37. Qf4 Qc3 38. Nf3 Qc1+ 39. Kg2 Qxf4 40.
gxf4 fxe6 41. Nd4 Re7 42. Rxa7 Bg7 43. Nc6 Rd7 44. Kf3 Rd3+ 45. Ke4 Rd2 46. Ne7+
Kf8 47. Rxb7 Rxa2 48. h4 h5 49. Ng6+ Kg8 50. Rb5 Kf7 51. Ne5+ Bxe5 52. Rxe5 Re2+
53. Kd4 Rf2 54. Ke3 Rh2 55. Rxh5 Kg6 56. Rg5+ Kf6 57. h5 Rh3+ 58. Ke4 Rh1 59.
Rg6+ Kf7 60. Rh6 Rh3 61. Rh7+ Kf6 62. Rh6+ 1/2-1/2

[Event "European Rapid 2022"]
[Site "Katowice POL"]
[Date "2022.12.17"]
[Round "5.34"]
[White "Czernek, Tymon"]
[Black "Ondozi, Murtez"]
[Result "1-0"]
[WhiteTitle "FM"]
[BlackTitle "FM"]
[WhiteElo "2302"]
[BlackElo "2406"]
[WhiteFideId "1199510"]
[BlackFideId "937576"]
[EventDate "2022.12.17"]

1. e4 c6 2. d4 d5 3. f3 dxe4 4. fxe4 e5 5. Nf3 exd4 6. Bc4 Be7 7. O-O Nf6 8. Ng5
O-O 9. Nxf7 Rxf7 10. Bxf7+ Kxf7 11. e5 Kg8 12. exf6 Bxf6 13. Nd2 Qd5 14. Qe2 Bd7
15. Ne4 Be5 16. Bf4 Na6 17. Bxe5 Qxe5 18. Rae1 Qd5 19. c4 dxc3 20. Nxc3 Qc5+ 21.
Kh1 Rf8 22. Rxf8+ Kxf8 23. Qd3 Nb8 24. Qxh7 Qf2 25. Rg1 Be6 26. Ne4 Qf4 27. Qh8+
Kf7 28. Ng3 Qe5 29. Rf1+ Ke7 30. Nh5 Nd7 31. Nxg7 Bxa2 32. Nf5+ Kf7 33. Nh4+ Nf6
34. Nf3 Qxb2 35. Ng5+ Kg6 36. Ne4 1-0

[Event "European Rapid 2022"]
[Site "Katowice POL"]
[Date "2022.12.17"]
[Round "5.35"]
[White "Kucharska, Honorata"]
[Black "Kuzmicz, Krystian"]
[Result "1-0"]
[WhiteTitle "WFM"]
[BlackTitle "IM"]
[WhiteElo "2180"]
[BlackElo "2466"]
[WhiteFideId "1163868"]
[BlackFideId "1119125"]
[EventDate "2022.12.17"]

1. e4 g6 2. d4 Bg7 3. f4 d5 4. e5 Nh6 5. Nf3 c5 6. c3 cxd4 7. cxd4 Bg4 8. Nc3
Nc6 9. Bb5 Nf5 10. O-O O-O 11. Bxc6 bxc6 12. Na4 Nh4 13. Qe1 Nxf3+ 14. gxf3 Bf5
15. Nc5 Rb8 16. Rf2 e6 17. Be3 f6 18. b3 Rf7 19. Rc1 Bf8 20. Rg2 Be7 21. Bf2
fxe5 22. fxe5 Bg5 23. Be3 Bh4 24. Bf2 Be7 25. Bg3 Bh3 26. Rf2 Rc8 27. Qd2 h5 28.
Nb7 Qf8 29. Nd6 Bxd6 30. exd6 Rxf3 31. Qg5 Kh7 32. Qe7+ Qxe7 33. dxe7 Rxf2 34.
Kxf2 e5 35. Bxe5 Bd7 36. h4 Kg8 37. Bf6 Kf7 38. Bg5 Bf5 39. Rc5 Ke8 40. Ra5 Rc7
41. Ke3 Kd7 42. Kf4 Bd3 43. Ke5 a6 44. Rc5 Bf5 45. Rc3 Rc8 46. Rc5 Bd3 47. Kf4
Bf5 48. Ke3 Be4 49. Ra5 Ra8 50. b4 Bg2 51. Rc5 Rb8 52. a3 Rc8 53. Rc2 Be4 54.
Rf2 Bf5 55. Kd2 Ra8 56. Kc3 a5 57. a4 axb4+ 58. Kxb4 Rb8+ 59. Ka3 Ra8 60. Rb2
Ke8 61. Rb6 Bc2 62. Rxc6 Bxa4 63. Rd6 Bd7+ 64. Kb3 Rb8+ 65. Kc3 Rc8+ 66. Kd2 Rc6
67. Rxd5 Ra6 68. Rc5 Rc6 69. Ra5 Rc8 70. Ke3 Kf7 71. Ra7 Bc6 72. Ra1 Bd7 73. d5
Rc4 74. Ra8 Rc8 75. Ra6 Rc5 76. Kd4 Rc8 77. Ke5 Bf5 78. Ra7 Ke8 79. Ra6 Kd7 80.
Rd6+ Ke8 81. Rd8+ Kf7 82. d6 1-0

[Event "European Rapid 2022"]
[Site "Katowice POL"]
[Date "2022.12.17"]
[Round "5.36"]
[White "Niezhentsev, Kyrylo"]
[Black "Gretarsson, Helgi Ass"]
[Result "1-0"]
[BlackTitle "GM"]
[WhiteElo "2052"]
[BlackElo "2451"]
[WhiteFideId "34126660"]
[BlackFideId "2300699"]
[EventDate "2022.12.17"]

1. e4 g6 2. d4 Bg7 3. Nc3 d6 4. Nf3 a6 5. Bc4 b5 6. Bd5 Ra7 7. Bb3 c6 8. a3 Nd7
9. Be3 Ngf6 10. e5 Nd5 11. Nxd5 cxd5 12. Bxd5 O-O 13. e6 Nb6 14. exf7+ Kh8 15.
Bb3 Bg4 16. h3 Bxf3 17. Qxf3 d5 18. h4 e6 19. h5 g5 20. h6 Bf6 21. c3 Raxf7 22.
Qg3 Nc8 23. Qg4 Qe7 24. O-O-O Nd6 25. Rde1 Re8 26. f3 a5 27. Bd2 Qd7 28. Bxg5 b4
29. Bxf6+ Rxf6 30. Ba4 Qe7 31. Bxe8 Nxe8 32. axb4 axb4 33. Kc2 Rg6 34. Qh3 Nd6
35. Ra1 Rg8 36. g4 b3+ 37. Kxb3 Rb8+ 38. Kc2 Qf7 39. Qg3 Qg6+ 40. Kc1 Qg5+ 41.
Kd1 Qg6 42. Qe5+ Kg8 43. Kc1 Rd8 44. Ra7 Nf7 45. Qf4 Re8 46. Re1 Nxh6 47. Rb7
Nf7 48. Rb8 Rxb8 49. Qxb8+ Kg7 50. Qf4 Kf8 51. Qe3 Ke7 52. b3 Nd6 53. Kb2 Kd7
54. Ra1 Nb5 55. Qe2 Nc7 56. Qe3 h5 57. Ra7 Kc6 58. Qe5 Nb5 59. Ra6+ Kd7 60.
Qxd5+ 1-0

[Event "European Rapid 2022"]
[Site "Katowice POL"]
[Date "2022.12.17"]
[Round "5.37"]
[White "Donchenko, Alexander"]
[Black "Janeczko, Jakub"]
[Result "1/2-1/2"]
[WhiteTitle "GM"]
[WhiteElo "2636"]
[BlackElo "2247"]
[WhiteFideId "24603295"]
[BlackFideId "21871655"]
[EventDate "2022.12.17"]

1. e4 c5 2. Nf3 Nc6 3. Nc3 e5 4. Bc4 Be7 5. d3 d6 6. Nd2 Nf6 7. Nf1 a6 8. a4 Be6
9. Ne3 Nb4 10. O-O O-O 11. Qe2 Re8 12. Kh1 d5 13. exd5 Nfxd5 14. Nexd5 Nxd5 15.
Nxd5 Bxd5 16. Qxe5 Bxc4 17. dxc4 Bf6 18. Qf4 Re2 19. c3 Qd3 20. Be3 Rxb2 21.
Bxc5 Re8 22. Rae1 Rbe2 23. Rxe2 Qxe2 24. Kg1 Bxc3 25. g3 h6 26. Rb1 Qd3 27. Rf1
Re4 28. Qb8+ Kh7 29. Qxb7 Qxc4 30. Be3 Qe6 31. Qb1 g6 32. Qd3 Bg7 33. a5 Ra4 34.
Bb6 Rb4 35. Rd1 Rb5 36. Qd7 Qe2 37. Rc1 Qf3 38. Qc8 Bb2 39. Rb1 Rd5 40. Qxa6 Bc3
41. Rc1 Bd2 42. Rf1 Qf5 43. Rd1 Qf3 44. Rf1 Qf5 45. Ra1 Bc3 46. Rc1 Bxa5 47. Be3
Bd2 48. Bxd2 Rxd2 49. Qa7 Qf3 50. Re1 Rd1 51. Qe7 Rxe1+ 52. Qxe1 Kg7 53. Qe5+
Kh7 54. h4 h5 55. Kf1 Kg8 56. Ke1 Qd3 57. Qe2 Qb1+ 58. Kd2 Qb4+ 59. Ke3 Kg7 60.
Qc2 Qe1+ 61. Kf3 Qe5 62. Qe4 Qc3+ 63. Kf4 Qd2+ 64. Qe3 Qb4+ 65. Qe4 Qd2+ 66. Kf3
Qc3+ 67. Qe3 Qc6+ 68. Ke2 Qc2+ 69. Qd2 Qe4+ 70. Qe3 Qc2+ 71. Ke1 Qb1+ 72. Kd2
Qb2+ 73. Kd3 Qb3+ 74. Ke4 Qb7+ 75. Kf4 Qb4+ 76. Ke5 Qe7+ 77. Kd4 Qb4+ 78. Kd5
Qb7+ 79. Kd6 Qb8+ 80. Kc6 Qc8+ 81. Kb5 Qb7+ 82. Kc4 Qc6+ 83. Kd3 Qb5+ 84. Kc3
Qa5+ 85. Kb2 Qb4+ 86. Qb3 Qd2+ 87. Qc2 Qxc2+ 88. Kxc2 Kf6 89. Kd3 Kf5 90. f3 Ke5
91. Ke3 f5 92. Kd3 Kd5 93. Kc3 Kc5 94. Kd3 Kd5 95. Ke2 Ke5 96. Ke1 f4 97. g4
hxg4 98. fxg4 f3 99. Kf2 Kf4 100. h5 gxh5 101. gxh5 Kg5 102. Kxf3 Kxh5 1/2-1/2

[Event "European Rapid 2022"]
[Site "Katowice POL"]
[Date "2022.12.17"]
[Round "5.38"]
[White "Maisuradze, Nino"]
[Black "Ziska, Helgi Dam"]
[Result "0-1"]
[WhiteTitle "WGM"]
[BlackTitle "GM"]
[WhiteElo "2230"]
[BlackElo "2546"]
[WhiteFideId "13601717"]
[BlackFideId "7200595"]
[EventDate "2022.12.17"]

1. e4 c5 2. Nc3 d6 3. f4 g6 4. Nf3 Bg7 5. Bc4 Nc6 6. O-O Nd4 7. Nxd4 cxd4 8. Ne2
Bd7 9. f5 Nf6 10. fxg6 hxg6 11. Nf4 d3 12. Nxd3 Qb6+ 13. Kh1 d5 14. Bxd5 Nxd5
15. exd5 Qd6 16. Nf4 g5 17. Nh5 Be5 18. Qf3 O-O-O 19. d4 Bxh2 20. Bxg5 Rdg8 21.
Bh4 Bg4 22. Qc3+ Kb8 23. g3 Rxh5 0-1

[Event "European Rapid 2022"]
[Site "Katowice POL"]
[Date "2022.12.17"]
[Round "5.39"]
[White "Piotrowski, Przemyslaw"]
[Black "Pultinevicius, Paulius"]
[Result "0-1"]
[WhiteTitle "FM"]
[BlackTitle "GM"]
[WhiteElo "2247"]
[BlackElo "2561"]
[WhiteFideId "1127063"]
[BlackFideId "12809390"]
[EventDate "2022.12.17"]

1. d4 Nf6 2. Nf3 d5 3. g3 Bf5 4. Bg2 c6 5. O-O Nbd7 6. c4 e6 7. Nc3 h6 8. b3 Be7
9. Bb2 O-O 10. Ne5 Qc7 11. Rc1 Rac8 12. f4 Qb6 13. e3 Rcd8 14. g4 Nxe5 15. gxf5
Nxc4 16. bxc4 Qxb2 17. fxe6 fxe6 18. Bh3 Kh8 19. Bxe6 Bb4 20. Qb3 Qxb3 21. axb3
g6 22. f5 Ng4 23. fxg6 Nxe3 24. Rf7 Rxf7 25. gxf7 dxc4 26. bxc4 Rxd4 27. Rb1 Rf4
28. Ne2 Rf6 29. Nd4 Bc5 30. Rxb7 Rf1# 0-1

[Event "European Rapid 2022"]
[Site "Katowice POL"]
[Date "2022.12.17"]
[Round "5.40"]
[White "Saric, Ante"]
[Black "Ulasevich, Sergei"]
[Result "1-0"]
[WhiteTitle "GM"]
[BlackTitle "CM"]
[WhiteElo "2504"]
[BlackElo "2236"]
[WhiteFideId "14506254"]
[BlackFideId "13505629"]
[EventDate "2022.12.17"]

1. Nf3 c5 2. c4 g6 3. e4 Nc6 4. d4 cxd4 5. Nxd4 Nf6 6. Nc3 d6 7. f3 Bg7 8. Be3
O-O 9. Qd2 a5 10. b3 Bd7 11. Rb1 Nxd4 12. Bxd4 Bc6 13. Be2 Nd7 14. Be3 Nc5 15.
O-O Be5 16. a3 e6 17. b4 axb4 18. axb4 Qh4 19. g3 Bxg3 20. Rf2 Bxf2+ 21. Bxf2
Qe7 22. bxc5 dxc5 23. Qe3 Ra5 24. e5 f5 25. exf6 Qxf6 26. Ne4 Qe5 27. Rd1 Ra2
28. Bg3 Qb2 29. Nc3 Ra1 30. Qxe6+ Rf7 31. Kf2 Rxd1 32. Nxd1 Qd2 33. f4 Kf8 34.
Qe5 Qd4+ 35. Qxd4 cxd4 36. Ke1 Be4 37. Nf2 Bf5 38. Kd2 Re7 39. Nd3 Re6 40. Bf2
Rd6 41. c5 Rd5 42. Bf3 Rd7 43. Ne5 Rc7 44. Bxd4 Ke7 45. Nc4 Rd7 46. Kc3 Be6 47.
Nb6 Rc7 48. Kb4 h6 49. Be5 Rc6 50. Bxc6 bxc6 51. h4 Bf5 52. Bg7 h5 53. Nc4 Ke6
54. Ne3 Be4 55. Ka5 Kf7 56. Bh6 Ke6 57. Kb6 Kd7 58. Nc4 1-0

[Event "European Rapid 2022"]
[Site "Katowice POL"]
[Date "2022.12.17"]
[Round "5.41"]
[White "Balinski, Damian"]
[Black "Oleksiyenko, Mykhaylo"]
[Result "0-1"]
[BlackTitle "GM"]
[WhiteElo "2190"]
[BlackElo "2594"]
[WhiteFideId "1120913"]
[BlackFideId "4152417"]
[EventDate "2022.12.17"]

1. d4 d5 2. c4 c6 3. Nf3 Nf6 4. e3 Bf5 5. Nc3 e6 6. Nh4 Bg6 7. Nxg6 hxg6 8. Qb3
Qc7 9. Bd2 Nbd7 10. Rc1 dxc4 11. Bxc4 Nb6 12. h3 Nxc4 13. Qxc4 Rd8 14. b4 Qd7
15. O-O Be7 16. Rfd1 a6 17. Qb3 O-O 18. Na4 Qd5 19. Qc2 Qf5 20. Qb3 e5 21. dxe5
Ne4 22. Be1 Qxe5 23. Nc3 Nf6 24. Ne2 Bd6 25. Ng3 Nd5 26. Rd4 Bc7 27. Rcd1 Bb6
28. R4d3 Rde8 29. a4 f5 30. Bc3 Qe6 31. Bd4 Bc7 32. Ne2 Kh7 33. b5 axb5 34. axb5
g5 35. Nc3 Qd6 36. g3 f4 37. exf4 gxf4 38. Nxd5 cxd5 39. Qc3 Qd7 40. Kg2 fxg3
41. Rxg3 Bxg3 42. Qxg3 Re6 43. Kh2 Rg6 44. Qe5 Rf5 45. Qb8 Rf3 0-1

[Event "European Rapid 2022"]
[Site "Katowice POL"]
[Date "2022.12.17"]
[Round "5.42"]
[White "Piorun, Kacper"]
[Black "Wojdak, Jan"]
[Result "1-0"]
[WhiteTitle "GM"]
[WhiteElo "2611"]
[BlackElo "2115"]
[WhiteFideId "1130420"]
[BlackFideId "21817111"]
[EventDate "2022.12.17"]

1. Nf3 Nf6 2. g3 g6 3. Bg2 Bg7 4. d4 d5 5. O-O O-O 6. Nbd2 c6 7. a4 a5 8. Re1
Na6 9. c3 c5 10. Nb3 b6 11. Be3 Qc7 12. Bf4 Qd8 13. Qc1 Bb7 14. Bh6 Rc8 15. Bxg7
Kxg7 16. Ne5 Nb8 17. Qe3 Nbd7 18. Red1 e6 19. Nxd7 Nxd7 20. c4 cxd4 21. Qxd4+ e5
22. Qd2 Rxc4 23. Bxd5 Rc7 24. Bxb7 Rxb7 25. Rac1 Qb8 26. Rc6 Rc8 27. Rd6 Nc5 28.
Nxc5 bxc5 29. Qg5 Rxb2 30. Qf6+ Kh6 31. Qh4+ Kg7 32. Qf6+ Kh6 33. Qxf7 Rb1 34.
Rd7 Rxd1+ 35. Rxd1 Rd8 36. Rf1 Qd6 37. Rc1 Rf8 38. Qc4 Qd2 39. Qxc5 Rf7 40. Qc4
Kg7 41. Kg2 Rd7 42. Rb1 Rd4 43. Qc7+ Kh6 44. Rb7 Qxe2 45. Qxh7+ Kg5 46. h4+ Kf5
47. Rf7+ Ke4 48. Qxg6+ Kd5 49. Rd7+ Kc5 50. Rb7 Rd6 51. Qb1 Rc6 52. Qb5+ Qxb5
53. Rxb5+ Kd4 54. Rxa5 Rc2 55. Ra8 e4 56. h5 e3 57. Rd8+ 1-0

[Event "European Rapid 2022"]
[Site "Katowice POL"]
[Date "2022.12.17"]
[Round "5.43"]
[White "Keinanen, Toivo"]
[Black "Bartel, Marta"]
[Result "1-0"]
[WhiteTitle "IM"]
[BlackTitle "WGM"]
[WhiteElo "2508"]
[BlackElo "2190"]
[WhiteFideId "509825"]
[BlackFideId "1123009"]
[EventDate "2022.12.17"]

1. d4 Nf6 2. Nf3 g6 3. Nbd2 d5 4. c4 c6 5. e3 Bg7 6. Be2 O-O 7. O-O Bf5 8. b3 a5
9. Bb2 Na6 10. Ne5 a4 11. bxa4 Qa5 12. cxd5 cxd5 13. Bb5 Rfc8 14. Ba3 Bf8 15.
Nb3 Qd8 16. a5 Ne4 17. Bd3 Nc3 18. Qf3 Bxd3 19. Qxf7+ Kh8 20. Nxd3 Rc6 21. Ne5
Rf6 22. Qxf6+ exf6 23. Nf7+ Kg8 24. Nxd8 Bxa3 25. Nxb7 Bb2 26. Rae1 Nb4 27. N7c5
Nc2 28. Rb1 Ba3 29. a6 Nxb1 30. Rxb1 Nb4 31. Na5 Nxa6 32. Nxa6 Rxa6 33. Rb5 Bb4
34. Rxb4 Rxa5 35. a4 Kf7 36. g4 Ke6 37. Rb6+ Ke7 38. Rb7+ Ke6 39. Rxh7 Rxa4 40.
h4 Ra2 41. Rg7 1-0

[Event "European Rapid 2022"]
[Site "Katowice POL"]
[Date "2022.12.17"]
[Round "5.44"]
[White "Lapaj, Mateusz"]
[Black "Schneider, Ilja"]
[Result "0-1"]
[BlackTitle "IM"]
[WhiteElo "2223"]
[BlackElo "2483"]
[WhiteFideId "1170805"]
[BlackFideId "4663306"]
[EventDate "2022.12.17"]

1. e4 e5 2. Nf3 Nc6 3. Bb5 a6 4. Bxc6 dxc6 5. O-O Bg4 6. h3 Bh5 7. d3 Qf6 8. Be3
Bxf3 9. Qxf3 Qxf3 10. gxf3 Bd6 11. Nd2 Ne7 12. Nc4 Ng6 13. Kg2 f5 14. exf5 Nh4+
15. Kg3 Nxf5+ 16. Kg4 O-O 17. Nxd6 cxd6 18. f4 Rae8 19. h4 e4 20. Rae1 exd3 21.
cxd3 Re6 22. h5 Nh6+ 23. Kf3 Re5 24. Rh1 Rd5 25. Ke2 Rff5 26. Kd2 Rxh5 27. Rhg1
Nf5 28. Bb6 Rb5 29. Bd8 Rxb2+ 30. Kc3 Rxf2 31. Bf6 Kf7 32. Bd8 h6 0-1

[Event "European Rapid 2022"]
[Site "Katowice POL"]
[Date "2022.12.17"]
[Round "5.45"]
[White "Bartel, Michal"]
[Black "Hjartarson, Johann"]
[Result "1-0"]
[WhiteTitle "FM"]
[BlackTitle "GM"]
[WhiteElo "2250"]
[BlackElo "2476"]
[WhiteFideId "1119257"]
[BlackFideId "2300044"]
[EventDate "2022.12.17"]

1. e4 g6 2. g3 Bg7 3. Bg2 c5 4. Ne2 Nc6 5. c3 e5 6. d3 Nge7 7. Be3 d6 8. O-O O-O
9. f4 Be6 10. Nd2 Qd7 11. Nf3 Rae8 12. Ng5 Bg4 13. h3 Bxe2 14. Qxe2 h6 15. Nf3
b6 16. f5 gxf5 17. Nh4 fxe4 18. dxe4 f5 19. exf5 d5 20. Qh5 Rf6 21. g4 Ref8 22.
g5 hxg5 23. Bxg5 e4 24. Bxf6 Rxf6 25. Rad1 Qc7 26. Ng6 Qg3 27. Kh1 Nxf5 28. Nf4
Nce7 29. Nxd5 Rh6 30. Nxe7+ Nxe7 31. Qe8+ Kh7 32. Qd7 Rh4 33. Rf7 Ng8 34. Rg1
Kh8 35. Bf1 1-0

[Event "European Rapid 2022"]
[Site "Katowice POL"]
[Date "2022.12.17"]
[Round "5.46"]
[White "Horvath, Dominik"]
[Black "Salna, Aleksandras"]
[Result "1/2-1/2"]
[WhiteTitle "IM"]
[WhiteElo "2502"]
[BlackElo "2191"]
[WhiteFideId "1642561"]
[BlackFideId "12807575"]
[EventDate "2022.12.17"]

1. e4 c5 2. c3 Nf6 3. e5 Nd5 4. Bc4 Qc7 5. Nf3 Nb6 6. Bb3 Nc6 7. d4 cxd4 8. cxd4
d5 9. exd6 Qxd6 10. Nc3 e6 11. O-O Be7 12. Qd3 Nb4 13. Qe4 N4d5 14. Re1 Nf6 15.
Qh4 Nfd5 16. Bg5 Nxc3 17. bxc3 Bxg5 18. Nxg5 h6 19. Ne4 Qd8 20. Qxd8+ Kxd8 21.
Rad1 Bd7 22. Nd6 Ke7 23. Nxb7 Ba4 24. d5 Rhc8 25. dxe6 Bxb3 26. axb3 Rxc3 27.
exf7+ Kxf7 28. Nd8+ Kg8 29. Re7 Nd5 30. Re8+ Kh7 31. g3 Nf6 32. Re7 Rxb3 33. Ne6
Re8 34. Rxg7+ Kh8 35. Rf7 Rxe6 36. Rd8+ Ng8 37. Rdd7 Nf6 38. Rd8+ Ng8 39. Rxa7
h5 40. Ra5 Rg6 41. Rxh5+ Kg7 42. Rd7+ Kf8 43. Ra5 Ne7 44. h4 Rb2 45. Raa7 Re6
46. Kg2 Kf7 47. g4 Kf6 48. g5+ Kf7 49. Kg3 Rbe2 50. h5 R6e5 51. g6+ Kf6 52. Rd6+
Kg7 53. Kf3 Re1 54. Kg4 Rg1+ 55. Kf4 Rf5+ 56. Ke3 Re1+ 57. Kd2 Ree5 58. Rdd7
Rxf2+ 59. Kd3 Rfe2 60. Kc4 Kh6 61. Rac7 R2e3 62. Rc5 R5e4+ 63. Rd4 Nxg6 1/2-1/2

[Event "European Rapid 2022"]
[Site "Katowice POL"]
[Date "2022.12.17"]
[Round "5.47"]
[White "Gaehwiler, Gabriel"]
[Black "Pein, Jonathan"]
[Result "1-0"]
[WhiteTitle "IM"]
[BlackTitle "CM"]
[WhiteElo "2408"]
[BlackElo "2252"]
[WhiteFideId "1314530"]
[BlackFideId "417092"]
[EventDate "2022.12.17"]

1. d4 Nf6 2. c4 b6 3. Nf3 Bb7 4. g3 g6 5. Bg2 Bg7 6. O-O O-O 7. d5 e6 8. Nc3
exd5 9. cxd5 Re8 10. Nd4 Na6 11. Bg5 h6 12. Bxf6 Qxf6 13. e3 c6 14. Rc1 Nc7 15.
dxc6 dxc6 16. Ne4 Qe5 17. Nxc6 Qxb2 18. Nd6 Ba6 19. Nxe8 Rxe8 20. Qd7 Bxf1 21.
Rxf1 Be5 22. f4 Bf6 23. Qxc7 Rxe3 24. Bd5 Be7 25. Nxe7+ 1-0

[Event "European Rapid 2022"]
[Site "Katowice POL"]
[Date "2022.12.17"]
[Round "5.48"]
[White "Mrvova, Alena"]
[Black "Stefanova, Antoaneta"]
[Result "1-0"]
[WhiteTitle "WIM"]
[BlackTitle "GM"]
[WhiteElo "2135"]
[BlackElo "2442"]
[WhiteFideId "14902036"]
[BlackFideId "2902257"]
[EventDate "2022.12.17"]

1. e4 e5 2. Nf3 Nc6 3. Bc4 Bc5 4. d3 Nf6 5. O-O d6 6. c3 a6 7. a4 Ba7 8. Qe2 h6
9. Be3 Bxe3 10. fxe3 O-O 11. Nbd2 d5 12. Ba2 dxe4 13. Nxe4 Nxe4 14. dxe4 Qe7 15.
b4 Be6 16. Bd5 Nd8 17. b5 Qc5 18. Rfd1 axb5 19. Nxe5 Qxc3 20. Nf3 bxa4 21. Bxe6
Nxe6 22. Rac1 Qa5 23. Rd5 Qa6 24. Qa2 c6 25. Rd2 b5 26. Ne5 c5 27. Nd7 Rfc8 28.
Rf1 c4 29. Rdf2 Nd8 30. Qa3 Ne6 31. Rxf7 Re8 32. Qc3 a3 33. Nc5 Qa5 34. Qa1 c3
35. Qa2 Qb6 36. Nxe6 Rxe6 37. Re7 Ra6 38. Qd5 Kh7 39. Qf5+ Rg6 40. Rxg7+ Kxg7
41. Qf8+ Kh7 42. Rf7+ 1-0

[Event "European Rapid 2022"]
[Site "Katowice POL"]
[Date "2022.12.17"]
[Round "5.49"]
[White "Wieczorek, Oskar"]
[Black "Polster, Christian"]
[Result "1-0"]
[WhiteTitle "GM"]
[BlackTitle "FM"]
[WhiteElo "2504"]
[BlackElo "2235"]
[WhiteFideId "1133950"]
[BlackFideId "12965081"]
[EventDate "2022.12.17"]

1. e4 c5 2. Nf3 d6 3. d4 cxd4 4. Nxd4 Nf6 5. Nc3 a6 6. h4 e5 7. Nb3 Be6 8. f4
Qc7 9. Be2 Nbd7 10. g4 exf4 11. g5 Ng8 12. Bxf4 Ne5 13. Qd2 Ne7 14. h5 N7c6 15.
O-O-O Rc8 16. Kb1 Na5 17. Nd5 Bxd5 18. exd5 Nac4 19. Bxc4 Nxc4 20. Qd3 Be7 21.
Nd4 Qb6 22. b3 Na3+ 23. Kb2 Nb5 24. Nxb5 Qxb5 25. Qd4 f6 26. c4 Qc5 27. Qe4 Kd8
28. Rhe1 Rc7 29. Be3 Qa5 30. Bd2 Qc5 31. h6 gxh6 32. gxh6 f5 33. Qe6 Rf8 34. Bc3
Qf2+ 35. Re2 Qh4 36. Ba5 Bf6+ 37. Kb1 Qg3 38. c5 b6 39. Bxb6 dxc5 40. d6 Qc3 41.
dxc7# 1-0

[Event "European Rapid 2022"]
[Site "Katowice POL"]
[Date "2022.12.17"]
[Round "5.50"]
[White "Szpar, Milosz"]
[Black "Gregoric, Andraz"]
[Result "1-0"]
[WhiteTitle "IM"]
[WhiteElo "2428"]
[BlackElo "2225"]
[WhiteFideId "1184989"]
[BlackFideId "14629461"]
[EventDate "2022.12.17"]

1. e4 e5 2. Nf3 Nc6 3. Bb5 a6 4. Ba4 Nf6 5. d3 b5 6. Bb3 Be7 7. O-O d6 8. c3 O-O
9. Re1 Na5 10. Bc2 Re8 11. d4 exd4 12. cxd4 Nd7 13. Nc3 Bb7 14. Bf4 Nf8 15. Bg3
Bf6 16. e5 dxe5 17. dxe5 Qxd1 18. Raxd1 Be7 19. Nd5 Bd8 20. Be4 c5 21. a3 Nc4
22. b3 Nxa3 23. Nf6+ gxf6 24. Bxb7 Ba5 25. Bxa8 Bxe1 26. Bc6 Rc8 27. Bb7 Rb8 28.
Bd5 Bc3 29. e6 Rc8 30. e7 Ng6 31. Bb7 1-0